000 01221nam0a2200301 4500
001 RU\NLR\bibl\1071577
005 20260406095022.0
010 _a5-7696-2569-4
_95000
021 _aRU
_b2007-13369
_9712
035 _a(NLR Aleph) 001058806
090 _a925369
_c925369
100 _a20070411d2007 u y0rusy50 ca
101 1 _arus
_cund
102 _aRU
105 _aa |||||||||
200 1 _aПути небесные, пути земные
_eповести, легенды
_e[перевод]
_fНиколай Лугинов
210 _aЯкутск
_cБичик
_d2007
215 _a189, [2] с.
_cил., портр.
_d21
327 1 _aСодерж.: Повести: Кустук; Баллада о Черном Вороне; Таас Тумус; Сэргэ; Легенды: Легенда о Бодончоре; Легенда об Илдэгисе
686 _aШ6(2=Я)7-4 {Лх-якут.650-45}
700 1 _4070
_7ca
_8rus
_aЛугинов
_bН. А.
_f1948-
_gНиколай Алексеевич
_3RU\NLR\AUTH\770287435
_92688965
801 0 _aRU
_bNLR
_c20070411
_gRCR
801 1 _aRU
_bNLR
_c20070411
830 _aАвт. по кн.
942 _cBOOK
980 _aNB